000 00622nam a2200217Ia 4500
003 OSt
005 20230623152918.0
008 210423s2012 xx 000 0 und d
020 _a978-81-922089-3-0
040 _cAL
041 _aeng
082 _a810.9810 BALF
100 _aBALA (Shail)
_9111397
245 _aFiction of Toni Morrison: narrating black womens experiences
260 _aNew Delhi
_bPrestige Books
_c2012
300 _a176
_bHB
365 _b800
_cINR
650 _aAmerican Criticism
_9111398
906 _ablack ; experiences ; Fiction ; Morrison: ; narrating ; Toni ; womens
942 _2ddc
_cBK
999 _c167969
_d167969